Normale Ansicht MARC-Ansicht ISBD

Weihnachtsbaum im Gepäck. (Titelsatznr. 371281)

[ MARC ]
MARC-Details
000 -Satzkennung
Kontrollfeld mit fester Länge 00782nam a22002057a 4500
008 - Feld mit fester Länge zur physischen Beschreibung - Allgemeine Angaben
Kontrollfeld mit fester Länge 201127b ||||| |||| 00| 0 eng d
040 ## - Katalogisierungsquelle
Original-Katalogisierungsstelle DE-2950
Katalogisierungssprache ger
Übertragungsstelle DE-2950
Beschreibungsfestlegungen rda
041 ## - Sprachcode
Sprachcode des Textes/der Tonspur oder des separaten Titels ger
245 ## - Titel
Haupttitel Weihnachtsbaum im Gepäck.
Titelzusatz Menschen: Gerade in Pflegeheimen ist die Einsamkeit zu den Feiertagen groß. Bewohner und Personal im Heim "An der Lehmgasse" haben einen Plan /
Verantwortlichkeitsangabe Jaqueline Westermann
264 ## - Veröffentlichungsangabe, Vertriebsangabe, Herstellungsangabe
Erscheinungs-, Vertriebs-, Herstellungsdatum 2021
653 ## - Lokales Schlagwort
Nicht-normierter Term Frankfurt (Oder)
653 ## - Lokales Schlagwort
Nicht-normierter Term Pandemie / Corona
653 ## - Lokales Schlagwort
Nicht-normierter Term Seniorenheim
653 ## - Lokales Schlagwort
Nicht-normierter Term Weihnachten
773 ## - Übergeordnete Einheit
Ort, Verlag und Erscheinungsjahr Frankfurt (Oder) Märkisches Verlags- und Druckhaus GmbH & Co KG
Titel Märkische Oderzeitung
Verknüpfungsangaben 32. Jahrgang (2021) Nr. 300 vom 23.12.2021, S. 13
942 ## - Zusätzliche Felder (Koha)
Koha-Medientyp Aufsätze
Exemplare
Ausgeschieden Verloren Beschädigt Nicht entleihbar Permanenter Standort Aktueller Standort Aufstellungsort Eingabedatum Anzahl Ausleihen Signatur Letzte Aktivität Preis gültig von Medientyp
        Stadtarchiv Frankfurt (Oder) | Archivbibliothek Stadtarchiv Frankfurt (Oder) | Archivbibliothek Magazin 07/01/2022   Z2 07/01/2022 07/01/2022 Aufsätze